000 00847cab a2200241 4500
001 ABS54386
008 090401t1996 xxu||||| |||| 00| 0 eng d
035 _a(Sirsi) u10068
041 _aeng
245 _aSweden
260 _c1996
350 _a0
490 _aEuroProperty
_v4(6) January 1996, 17-23(7)
520 _aThis overview of the Swedish property market reports a sustained recovery in the office rental market, Swedish banks are planning to float their property portfolios concluding with three institutional investors planning to increase their property portfolios.
650 _aINVESTMENT MARKET
650 _aPROPERTY-COMMERCIAL PROPERTY-OFFICE PROPERTY-OFFICE PROPERTY MARKET
650 _aRENTAL VALUES
650 _aSTOCKHOLM
650 _aSWEDEN
690 _aOVERSEAS-EUROPE
942 _n0
948 _c04/03/1997
999 _c6326
_d6326